000 003490000a22000970004500
100 1 _aBreivik, N. O.
245 1 0 _aGod, reality and teligions : The understanding of God and reality in other religions and some assessments of their truth claims
300 _aVol. 4, Núm 1 (1995), Páginas 45-53
773 0 _tEuropean Journal of Theology
942 _cANA
999 _c54066
_d54066